书目信息 |
| 题名: |
庭院座椅
|
|
| 作者: | 凯尔比 著 | |
| 分册: | ||
| 出版信息: | 济南 山东科学技术出版社 2003.01 |
|
| 页数: | 164页 | |
| 开本: | 26cm | |
| 丛书名: | ||
| 单 册: | ||
| 中图分类: | TS , TU986.49 | |
| 科图分类: | ||
| 主题词: | 园林--规划 , 公园--绿化规划 | |
| 电子资源: | ||
| ISBN: | 7-5331-3261-0 | |
| 000 | 00593nam0 2200217 45 | |
| 001 | 8052894380 | |
| 005 | 1980010414413434 | |
| 010 | @a7-5331-3261-0@b压膜@dRMB 65.00 | |
| 100 | @a19800104d2003 km y0chiy0120 ea | |
| 101 | 0 | @achi |
| 102 | @aCN@b370000 | |
| 200 | 1 | @a庭院座椅@ATing Yuan Zuo Yi@f(美)凯尔比著@F(mei)kai er bi zhu |
| 210 | @a济南@c山东科学技术出版社@d2003.01 | |
| 215 | @a164页@d26cm | |
| 606 | 0 | @a园林@x规划 |
| 606 | 0 | @a公园@x绿化规划 |
| 690 | @aTS@v3 | |
| 690 | @aTU986.49@v4 | |
| 701 | 0 | @a凯尔比@Akai er bi@4著 |
| 801 | 0 | @aCN@bPFT@c19800104 |
| 905 | @a@dTU986.49@eK160 | |
| 庭院座椅/(美)凯尔比著.-济南:山东科学技术出版社,2003.01 |
| 164页;26cm |
| ISBN 7-5331-3261-0(压膜):RMB 65.00 |
| ● |
| 相关链接 |
|
|
|
正题名:庭院座椅
索取号:TU986.49/K160
 
预约/预借
| 序号 | 登录号 | 条形码 | 馆藏地/架位号 | 状态 | 备注 |
| 1 | 370541 | 203705419 | 建筑库201/201建筑库 118排1列4层/ [索取号:TU986.49/K160] | 在馆 | |
| 2 | 370542 | 203705428 | 建筑库201/201建筑库 118排1列4层/ [索取号:TU986.49/K160] | 在馆 |